Ryan Reynolds - Sudden Death - Statistics

General Stats
  • This quiz has been taken 478 times
  • The average score is 9 of 18
Answers on the Grid
Answers color-coded by a green-red scale on the quiz's grid according to % correct below.
Buried
The Adam Project
Definitely Maybe
The Wedding Planner
Mighty Joe Young
Smokin Aces
The Proposal
Red Notice
Spy Games
X-Men Origins: Wolverine
Saving Private Ryan
Van Wilder: Party Liaison
Safe House
Training Day
6 Underground
How to lose a guy in 10 days
Mad Max
Deadpool
The Hitman’s Bodyguard
Green Lantern
Gray Man
Jerry Maguire
Pokémon: Detective Pikachu
Criminal
Stand by Me
Blade Trinity
Men in Black
R.I.P.D.
Just Friends
The Goonies
 
Answer Stats
Answer % Correct
Deadpool
85%
Green Lantern
76%
The Adam Project
70%
The Proposal
66%
X-Men Origins: Wolverine
65%
Red Notice
62%
The Hitman’s Bodyguard
54%
Pokémon: Detective Pikachu
50%
R.I.P.D.
48%
6 Underground
41%
Definitely Maybe
37%
Van Wilder: Party Liaison
35%
Blade Trinity
34%
Just Friends
34%
Buried
32%
Safe House
31%
Smokin Aces
23%
Criminal
10%
No matching quizzes found
Score Distribution
Percent of People with Each Score
Percentile by Number Answered
Your Score History
You have not taken this quiz